00846cam a2200241 a 4500001000800000005001700008008004100025010001700066020002800083041001100111043001200122050002500134100002800159245011400187260005800301300005900359500003600418500002500454500002000479504003000499610002700529651004800556234937420170120144511.0830125s1983 fluaf b s001 0 eng  a 83001241  a0813007550 (alk. paper)0 aengspa ae-sp---00aNA6840.S72M3233 19831 aAllen, John Jay,d1932-14aThe reconstruction of a Spanish Golden Age playhouse :bEl Corral del Príncipe, 1583-1744 /cJohn J. Allen. aGainesville :bUniversity Presses of Florida,cc1983. axii, 129 p., [2] folded p. of plates :bill. ;c27 cm. a"A University of Florida book." aEnglish and Spanish. aIncludes index. aBibliography: p. 123-124.20aCorral del Príncipe. 0aMadrid (Spain)xBuildings, structures, etc.